000 00907nam a22002537a 4500
001 4522
003 FISKH
005 20240913092847.0
008 240913b cb ||||| |||| 00| 0 eng d
020 _a9780439288880
040 _aFISKH
_beng
_cFISKH
_dFISKH
050 _aPZ7.S8482
082 _2823.8
100 _aStevenson, Robert Louis
_d(1850–1894)
245 _aTreasure island /
_cRobert Louis Stevenson With an introduction by Mary Pope Osborne
250 _aTreasure island was first published in 1883
260 _aNew York :
_bScholastic,
_c1883.
300 _a229 Pages :
_c18cm
520 _aWhile going through the possessions of a deceased guest who owed them money, the mistress of the inn and her son find a treasure map that leads them to a pirate's fortune.
650 _2Pirates
_aFiction
651 _2Historical fiction
_aLiterature
_vNovel
942 _2ddc
_cBK
_n0
999 _c4522
_d4522